000 00560nam a22001697a 4500
005 20120319125525.0
020 _a8170580587
_c75.00
035 _aB-88671
037 _aDPL
_bENG
100 _aGandhi, Kishor
_943933
245 _aLights on life-problems /
_cby Kishor Gandhi
250 _arprn. 2004
260 _aPondicherry
_bSri Aurobindo Ashram
300 _a200p.
_c20 cms.
942 _2ddc
_cEN
_h181.499
_mGAN
999 _c64136
_d64136